| 000 | 00451pab a2200157 454500 | ||
|---|---|---|---|
| 008 | 180718b2011 xxu||||| |||| 00| 0 eng d | ||
| 100 | _aDonaghy, Maureen M. | ||
| 245 | _aDo participatory governance institutions matter? Municipal councils and social housing programs in Brazil | ||
| 260 | _c2011 | ||
| 300 | _ap.83-102. | ||
| 362 | _aOct | ||
| 650 | _aParticipatory development | ||
| 773 | _aComparative Politics | ||
| 908 | _aN | ||
| 909 | _a93588 | ||
| 999 |
_c93588 _d93588 |
||